Central Library OPAC University of Rajshahi

Discoveries, 1641 : (Record no. 85054)

MARC details
000 -LEADER
fixed length control field 00736nam a2200229 a 4500
001 - CONTROL NUMBER
control field 85054
003 - CONTROL NUMBER IDENTIFIER
rucl marc code BD-RjUL
005 - DATE AND TIME OF LATEST TRANSACTION
control field 20250625124629.0
008 - FIXED-LENGTH DATA ELEMENTS--GENERAL INFORMATION
fixed length control field 250625s1966 bg ||||| |||| 00| 0 eng d
035 ## - SYSTEM CONTROL NUMBER
System control number (BD-RjUL)85054
040 ## - CATALOGING SOURCE
Original cataloging agency BD-RjUL
Language of cataloging eng
Transcribing agency BD-RjUL
041 ## - LANGUAGE CODE
Language code of text/sound track or separate title eng
082 ## - DEWEY DECIMAL CLASSIFICATION NUMBER
Edition number 23
Classification number 824.3
Author mark and year JOD 1966
100 ## - MAIN ENTRY--PERSONAL NAME
Personal name Jonson, Ben
9 (RLIN) 5706
245 ## - TITLE STATEMENT
Title Discoveries, 1641 :
Remainder of title Conversations with William Drummond of Hawthornden, 1919 /
Statement of responsibility, etc. Ben Jonson; William Drummond, G. B. Harrison (Editor)
260 ## - PUBLICATION, DISTRIBUTION, ETC. (IMPRINT)
Place of publication, distribution, etc. Edinburgh :
Name of publisher, distributor, etc. Ten University Press,
Date of publication, distribution, etc. 1966
300 ## - PHYSICAL DESCRIPTION
Pagination 106, 28 pages;
Size 19 cm
600 ## - SUBJECT ADDED ENTRY--PERSONAL NAME
Personal name Jonson, Ben,
Dates associated with a name 1573?-1637
700 ## - ADDED ENTRY--PERSONAL NAME
Personal name Drummond, William
Personal name Harrison, G. B.
942 ## - ADDED ENTRY ELEMENTS (KOHA)
Source of classification or shelving scheme Dewey Decimal Classification
Koha item type Books
Holdings
Lost status Source of classification or shelving scheme Damaged status Not for loan Collection code Permanent Location Current Location Shelving location Date acquired Source of acquisition Cost, normal purchase price Total Checkouts Full call number Date last seen Copy number Koha item type
  Dewey Decimal Classification   Not For Loan Non-fiction Central Library, University of Rajshahi Central Library, University of Rajshahi Reading Room 24/06/1968 Swets & Zeitlinger 21.00   824.3 JOD 1966 25/06/2025 C-1 Books